Návrh komunikačného riešenia na báze Asterisk

Uložené v:
Podrobná bibliografia
Hlavný autor: Rášo, Milan (Autor)
Ďalší autori: Chromý, Erik (Vedúci práce)
Médium: Rukopis Kniha
Jazyk:Slovak
Vydavateľské údaje: 2017
Predmet:
On-line prístup:http://is.stuba.sk/zp/portal_zp.pl?podrobnosti=127498
Tagy: Pridať tag
Žiadne tagy, Buďte prvý, kto otaguje tento záznam!

MARC

LEADER 00000ntm a22000003a 4500
001 stuzp60454
003 SK-STU
005 20170703125437.7
007 ta
008 150427s2015----xo-----f-mn---000-0-slo-d
040 |a STU  |b slo 
041 0 |a slo 
044 |a xo 
100 1 |a Rášo, Milan  |u 037000  |4 aut  |U FEI Fakulta elektrotechniky a informatiky  |T FEI Ústav multimediálnych informačných a komunikačných technológií  |X 54191  |U E070  |Y 818  |7 54191 
242 0 1 |a Design of communication solution based on Asterisk  |y eng 
245 1 0 |a Návrh komunikačného riešenia na báze Asterisk 
260 |c 2017 
300 |a 73 s. 
650 4 |a VoIP  |2 slo 
650 4 |a PBX  |2 slo 
650 4 |a SIP  |2 slo 
650 4 |a Asterisk 11  |2 slo 
650 4 |a Asterisk 11  |2 eng 
650 4 |a VoIP  |2 eng 
650 4 |a Private Branch Exchange  |2 eng 
650 4 |a SIP  |2 eng 
700 1 |a Chromý, Erik  |u 037000  |k Z1  |4 ths  |U FEI Fakulta elektrotechniky a informatiky  |T FEI Ústav multimediálnych informačných a komunikačných technológií  |X 3861  |U E070  |Y 818  |7 A000003861 
856 4 |u http://is.stuba.sk/zp/portal_zp.pl?podrobnosti=127498 
996 |b 284EP11747  |c E*DIPL- 11747  |l EE37  |s P  |a 0  |w stuzp60454_0001